Les meilleurs butteurs de l'histoire - Statistiques

Statistiques générales
  • Ce quiz a été pris 284 fois
  • Le résultat moyen est 5 sur 20
Statistiques - réponses
Nombre de buts Reponse % Correct
1 815 Cristiano Ronaldo
100%
3 796 Lionel Messi
100%
5 767 Pelé
91%
9 617 Robert Lewandowski
47%
7 735 Gerd Müller
41%
11 577 Zlatan Ibrahimovic
35%
6 746 Ferenc Puskás
32%
8 622 Eusébio
20%
4 772 Romario
15%
2 805 Josef Bican
10%
13 575 Uwe Seeler
1%
18 556 Abe Lenstra
0%
15 567 Arthur Friedenreich
0%
19 554 Ernest Willimowski
0%
10 596 Erwin Helmchen
0%
12 576 Ferenc Deák
0%
17 558 Fernando Peyrote
0%
20 550 Jimmy McGrory
0%
16 565 Ronnie Rooke
0%
14 575 Tulio Maravilha
0%
Aucun quiz correspondant
Distribution des résultats
% des personnes avec chaque résultat
Percentile par nombre de réponses
Votre historique - résultats
Vous n’avez pas pris ce quiz